[Event "Copenhagen Chess Challenge 2011"]
[Site "Ballerup"]
[Date "2011.05.22"]
[Round "8"]
[White "Andersen, Morten"]
[Black "Tandrup, Michael"]
[Result "1-0"]
[WhiteElo "2181"]
[BlackElo "1963"]
[PlyCount "57"]
[EventDate "2011.??.??"]
[EventType "swiss"]
[EventRounds "9"]
[EventCountry "DEN"]

1. d4 Nf6 2. c4 g6 3. Nc3 d5 4. e3 Bg7 5. Qb3 c6 6. Nf3 O-O 7. Bd3 dxc4 8. Bxc4
Nbd7 9. e4 Nb6 10. Be2 Be6 11. Qd1 Bc4 12. O-O Bxe2 13. Qxe2 Qc7 14. Bg5 Rfe8
15. Rac1 Qd8 16. Rfd1 Nbd7 17. Qc4 Qa5 18. b4 Qb6 19. e5 Nd5 20. Nxd5 cxd5 21.
Qxd5 Rad8 22. Qb3 h6 23. Be3 g5 24. h3 Qg6 25. Rc7 g4 26. hxg4 Qxg4 27. Rdc1
Rb8 28. e6 fxe6 29. Rxd7 1-0

[Event "Copenhagen Chess Challenge 2011"]
[Site "Ballerup"]
[Date "2011.05.22"]
[Round "8"]
[White "Andersen, Daniel"]
[Black "Christensen, Casper"]
[Result "1-0"]
[WhiteElo "1997"]
[BlackElo "1948"]
[PlyCount "165"]
[EventDate "2011.??.??"]
[EventType "swiss"]
[EventRounds "9"]
[EventCountry "DEN"]

1. c4 e5 2. Nc3 Nc6 3. Nf3 f5 4. d4 exd4 5. Nxd4 d6 6. Nxc6 bxc6 7. g3 Rb8 8.
Bg2 Bd7 9. Qa4 Ne7 10. Qxa7 h6 11. Qd4 c5 12. Qd2 g6 13. Nd5 Bg7 14. O-O O-O
15. Rb1 Be6 16. b3 Nxd5 17. Bxd5 Qd7 18. Bb2 c6 19. Bxe6+ Qxe6 20. Bxg7 Kxg7
21. Rbd1 Rfd8 22. Qc3+ Kh7 23. Rd2 Rd7 24. Rfd1 Rbd8 25. Qa5 Qe7 26. Qb6 Rc7
27. a4 Qd7 28. Qa5 Qe7 29. Qc3 Rcd7 30. Qf3 Qe4 31. Qxe4 fxe4 32. Rc1 Rb8 33.
Rc3 Kg7 34. f3 exf3 35. Rxf3 Re8 36. Kf2 d5 37. cxd5 cxd5 38. Rc3 Rc8 39. Rdc2
Rf7+ 40. Ke1 Rfc7 41. Kd2 Kf6 42. b4 Ra7 43. bxc5 Rxa4 44. c6 Rc7 45. Kd3 Ke6
46. Rc5 Kd6 47. R2c3 Ra6 48. e4 dxe4+ 49. Kxe4 Re7+ 50. Kf4 Rf7+ 51. Kg4 Rc7
52. h4 Ra4+ 53. R5c4 Rxc4+ 54. Rxc4 Kd5 55. Rc3 Ke5 56. Kf3 Rf7+ 57. Ke3 Rc7
58. Rc2 Kd5 59. Kf4 Kd6 60. g4 Rf7+ 61. Ke4 Kc7 62. Rc5 Rf1 63. h5 Re1+ 64. Kf4
Rf1+ 65. Ke5 g5 66. Rd5 Re1+ 67. Kf6 Kxc6 68. Rf5 Rg1 69. Kg6 Rxg4 70. Kxh6 Kd7
71. Kg7 Ra4 72. h6 Ke6 73. Rf6+ Ke5 74. h7 Ra7+ 75. Rf7 Ra8 76. Rf8 Ra7+ 77.
Kg8 Rxh7 78. Kxh7 g4 79. Kh6 Ke4 80. Kh5 g3 81. Kh4 g2 82. Rg8 Kf3 83. Kh3 1-0

[Event "Copenhagen Chess Challenge 2011"]
[Site "Ballerup"]
[Date "2011.05.22"]
[Round "8"]
[White "Borg, Flemming"]
[Black "Petrovski, Petruli"]
[Result "1-0"]
[WhiteElo "1854"]
[BlackElo "1826"]
[PlyCount "107"]
[EventDate "2011.??.??"]
[EventType "swiss"]
[EventRounds "9"]
[EventCountry "DEN"]

1. e4 c5 2. d4 cxd4 3. c3 dxc3 4. Nxc3 Nc6 5. Bc4 e6 6. Nf3 Nf6 7. Qe2 d6 8.
O-O Be7 9. Rd1 e5 10. h3 O-O 11. b4 Qb6 12. Rb1 Nd4 13. Nxd4 exd4 14. Nb5 Be6
15. Bxe6 fxe6 16. Nxd4 e5 17. Nf5 Qc7 18. Ba3 b5 19. Qxb5 Kh8 20. Rbc1 Qd8 21.
Qe2 d5 22. exd5 Qd7 23. Nxe7 Qxe7 24. d6 Qe6 25. b5 Rfd8 26. Rc6 Qf5 27. Bc5 e4
28. Bd4 Nd5 29. Qb2 Rd7 30. a4 Rf8 31. a5 Nf4 32. Rc7 Qg6 33. Bxg7+ Rxg7 34.
Rxg7 Qxg7 35. Qxg7+ Kxg7 36. d7 Rd8 37. b6 axb6 38. axb6 Ne6 39. Kf1 Nc5 40.
Ke2 Kf6 41. Ke3 Ke5 42. g4 Rxd7 43. Rxd7 Nxd7 44. b7 Kd5 45. g5 Ke5 46. h4 Kf5
47. Kd4 Kf4 48. Kd5 Kf3 49. h5 Kxf2 50. Kxe4 Nc5+ 51. Ke5 Nxb7 52. g6 hxg6 53.
hxg6 Nd8 54. Kf6 1-0

[Event "Copenhagen Chess Challenge 2011"]
[Site "Ballerup"]
[Date "2011.05.22"]
[Round "8"]
[White "Pawlak, Wojciech Zbigniew"]
[Black "Leosson, Atli Johann"]
[Result "0-1"]
[WhiteElo "1645"]
[BlackElo "1673"]
[PlyCount "94"]
[EventDate "2011.??.??"]
[EventType "swiss"]
[EventRounds "9"]
[EventCountry "DEN"]

1. e4 e5 2. d4 exd4 3. Qxd4 Nc6 4. Qa4 Be7 5. Nf3 d6 6. Nc3 Bd7 7. Bb5 a6 8.
Be2 b5 9. Qb3 Be6 10. Nd5 Nf6 11. Qc3 Qd7 12. Nxe7 Nxe7 13. Ng5 O-O 14. Bf4 Ng6
15. Bg3 h6 16. Nxe6 Qxe6 17. f3 Nh5 18. Bf2 Nhf4 19. Bf1 d5 20. g3 Nh5 21. Bd3
Ne5 22. Be2 dxe4 23. fxe4 Nf6 24. Qe3 Neg4 25. Bxg4 Nxg4 26. Qe2 Nxf2 27. Kxf2
Qf6+ 28. Kg2 Qxb2 29. Rhf1 Rae8 30. Rad1 Qxa2 31. Rd7 Qe6 32. Rxc7 Qxe4+ 33.
Qxe4 Rxe4 34. Ra7 Re2+ 35. Rf2 Rxf2+ 36. Kxf2 Rc8 37. Rxa6 Rxc2+ 38. Kg1 b4 39.
Rb6 Rb2 40. g4 f6 41. h4 b3 42. Rb7 h5 43. g5 fxg5 44. hxg5 Kh7 45. Rb6 Rb1+
46. Kg2 b2 47. Kf3 Rf1+ 0-1

[Event "Copenhagen Chess Challenge 2011"]
[Site "Ballerup"]
[Date "2011.05.22"]
[Round "8"]
[White "Holtzmann, Sonny"]
[Black "Jensen, Simon Stibolt"]
[Result "0-1"]
[WhiteElo "1659"]
[BlackElo "1748"]
[PlyCount "28"]
[EventDate "2011.??.??"]
[EventType "swiss"]
[EventRounds "9"]
[EventCountry "DEN"]

1. c4 e5 2. g3 Nf6 3. Bg2 d5 4. cxd5 Nxd5 5. Nf3 Nc6 6. O-O Be6 7. d3 Qd7 8.
Nc3 Be7 9. a3 h5 10. Ne4 h4 11. b4 hxg3 12. fxg3 Bh3 13. Bb2 Bxg2 14. Kxg2 Ne3+
0-1

[Event "Copenhagen Chess Challenge 2011"]
[Site "Ballerup"]
[Date "2011.05.22"]
[Round "8"]
[White "Schmidt, Tommy B"]
[Black "Hove, Esben Kjems"]
[Result "1/2-1/2"]
[WhiteElo "2143"]
[BlackElo "2276"]
[PlyCount "29"]
[EventDate "2011.??.??"]
[EventType "swiss"]
[EventRounds "9"]
[EventCountry "DEN"]

1. Nf3 d5 2. c4 c6 3. e3 Nf6 4. Nc3 e6 5. b3 Nbd7 6. Bb2 Bd6 7. Qc2 O-O 8. Be2
Re8 9. d4 b6 10. O-O Bb7 11. Bd3 c5 12. cxd5 exd5 13. Qe2 cxd4 14. Nb5 Bf8 15.
Nbxd4 1/2-1/2

[Event "Copenhagen Chess Challenge 2011"]
[Site "Ballerup"]
[Date "2011.05.22"]
[Round "8"]
[White "Hansen, Lars"]
[Black "Porte, Henrik"]
[Result "1-0"]
[WhiteElo "2246"]
[BlackElo "2128"]
[PlyCount "47"]
[EventDate "2011.??.??"]
[EventType "swiss"]
[EventRounds "9"]
[EventCountry "DEN"]

1. e4 c6 2. d4 d5 3. e5 Bf5 4. Nf3 e6 5. Be2 Nd7 6. O-O c5 7. c4 Ne7 8. Nc3
dxc4 9. Bxc4 Nb6 10. Bb5+ Nc6 11. Be3 c4 12. d5 Nxd5 13. Nd4 Nde7 14. Qa4 Qc8
15. Qxc4 a6 16. Bxc6+ Nxc6 17. Nxf5 exf5 18. Nd5 Rb8 19. e6 fxe6 20. Nb6 Qc7
21. Qxe6+ Be7 22. Rfe1 Qe5 23. Qxe5 Nxe5 24. Bf4 1-0

[Event "Copenhagen Chess Challenge 2011"]
[Site "Ballerup"]
[Date "2011.05.22"]
[Round "8"]
[White "Brorsen, Jacob Abildlund"]
[Black "Ootes, Lennart"]
[Result "0-1"]
[WhiteElo "2064"]
[BlackElo "2194"]
[PlyCount "62"]
[EventDate "2011.??.??"]
[EventType "swiss"]
[EventRounds "9"]
[EventCountry "DEN"]

1. d4 Nf6 2. c4 c5 3. d5 e5 4. Nc3 d6 5. e4 Nbd7 6. Nf3 Be7 7. g3 O-O 8. Bg2
Ne8 9. O-O g6 10. Ne1 Ng7 11. f4 exf4 12. gxf4 f5 13. Nd3 fxe4 14. Nxe4 h6 15.
Kh1 Nf5 16. Qg4 Kh7 17. Qh3 Nh4 18. f5 gxf5 19. Ng3 Ne5 20. Nf4 Neg6 21. Ne6
Bxe6 22. dxe6 f4 23. Ne4 b5 24. cxb5 d5 25. Nc3 Nxg2 26. Qxg2 Rf5 27. Bd2 d4
28. Qe4 Re5 29. Qc2 dxc3 30. Rxf4 Qd5+ 31. Kg1 Rg5+ 0-1

[Event "Copenhagen Chess Challenge 2011"]
[Site "Ballerup"]
[Date "2011.05.22"]
[Round "8"]
[White "Brekka, Hanus"]
[Black "Kokholm, Daniel"]
[Result "1-0"]
[WhiteElo "2101"]
[BlackElo "1934"]
[PlyCount "113"]
[EventDate "2011.??.??"]
[EventType "swiss"]
[EventRounds "9"]
[EventCountry "DEN"]

1. e4 d5 2. Nc3 Nf6 3. exd5 Nxd5 4. Bc4 Nb6 5. Bb3 Nc6 6. Nf3 Bf5 7. d4 e6 8.
O-O Be7 9. Re1 O-O 10. Ne4 Na5 11. Bd2 Nxb3 12. axb3 Bg4 13. c4 Bxf3 14. Qxf3
Qxd4 15. Bc3 Qd7 16. Rad1 Qc6 17. Qg4 f6 18. Ng3 Rad8 19. Rxd8 Bxd8 20. Rxe6
Qd7 21. Nf5 g6 22. Nd4 c5 23. Nf5 Kf7 24. Nd6+ Kg8 25. Qe2 a6 26. Qe4 Na8 27.
Nxb7 f5 28. Qd5 Qxd5 29. cxd5 Nc7 30. Rd6 Bg5 31. Rd7 Rf7 32. Rd6 Nxd5 33. Nxc5
Nxc3 34. bxc3 Be7 35. Rd5 Rf6 36. Kf1 Rc6 37. b4 a5 38. Ke2 axb4 39. cxb4 Kf7
40. Kd3 Bxc5 41. Rxc5 Rd6+ 42. Kc3 h6 43. Kb3 Ke6 44. Rc2 Kd7 45. Ka4 Rd1 46.
Ka5 Ra1+ 47. Kb6 Rb1 48. b5 g5 49. Ka6 Ra1+ 50. Kb7 Rb1 51. b6 f4 52. Rc7+ Kd8
53. Rc5 Ra1 54. Rd5+ Ke7 55. Kc6 Rh1 56. b7 Rc1+ 57. Kb6 1-0

[Event "Copenhagen Chess Challenge 2011"]
[Site "Ballerup"]
[Date "2011.05.22"]
[Round "8"]
[White "Andreasen, Rene"]
[Black "Schmidt, Horst Hubert"]
[Result "0-1"]
[WhiteElo "1847"]
[BlackElo "1834"]
[PlyCount "70"]
[EventDate "2011.??.??"]
[EventType "swiss"]
[EventRounds "9"]
[EventCountry "DEN"]

1. d4 Nf6 2. Nf3 d5 3. e3 Bg4 4. Bd3 g6 5. Nbd2 Bg7 6. O-O O-O 7. h3 Bxf3 8.
Nxf3 Nc6 9. c3 Qd6 10. b3 e5 11. dxe5 Nxe5 12. Nxe5 Qxe5 13. Bb2 Rad8 14. Qc2
c5 15. a4 Rc8 16. c4 d4 17. exd4 cxd4 18. Rfe1 Qf4 19. Re7 Nd5 20. Rxb7 Be5 21.
g3 Qg5 22. Bc1 Ne3 23. fxe3 Qxg3+ 24. Qg2 Qe1+ 25. Qf1 Qh4 26. e4 Rc6 27. Qg2
Qe1+ 28. Qf1 Qg3+ 29. Qg2 Qxd3 30. Bh6 Rf6 31. Bxf8 Qe3+ 32. Kh1 Rf2 33. Bh6
Qe2 34. Qg4 Rh2+ 35. Kg1 Qf2# 0-1

[Event "Copenhagen Chess Challenge 2011"]
[Site "Ballerup"]
[Date "2011.05.22"]
[Round "8"]
[White "Andersen, Troels Baekgaard"]
[Black "Haagen Larsen, Hans"]
[Result "0-1"]
[WhiteElo "1613"]
[BlackElo "1745"]
[PlyCount "116"]
[EventDate "2011.??.??"]
[EventType "swiss"]
[EventRounds "9"]
[EventCountry "DEN"]

1. d4 g6 2. Nf3 Bg7 3. c4 d6 4. Nc3 Nc6 5. e4 Bd7 6. Be2 e5 7. d5 Nce7 8. Bd2
a6 9. a4 f5 10. Bd3 Nf6 11. Qc2 O-O 12. O-O h6 13. Rfe1 f4 14. h3 g5 15. Kf1
Ng6 16. Ke2 g4 17. hxg4 Bxg4 18. Kd1 Nh4 19. Be2 Nxg2 20. Rh1 Qd7 21. Rh2 Bh3
22. Ng1 Ng4 23. Bxg4 Bxg4+ 24. Kc1 f3 25. Bxh6 Bxh6+ 26. Rxh6 Qg7 27. Qd2 Rf6
28. Rxf6 Qxf6 29. Kc2 Kg7 30. Nd1 Rh8 31. Ne3 Bd7 32. b4 Rh4 33. Qd3 Rf4 34.
Kb3 Qh4 35. Nxf3 Qxf2 36. Rg1 Rxf3 37. Rxg2+ Qxg2 38. Nxg2 Rxd3+ 39. Kc2 Rd4
40. Ne3 Rxe4 41. Kd3 Rf4 42. b5 a5 43. Ng2 Bf5+ 44. Ke3 Rxc4 45. Ne1 Rxa4 46.
Ng2 Rb4 47. b6 cxb6 48. Ne1 Rd4 49. Nf3 Rxd5 50. Nh4 Kf6 51. Ng2 a4 52. Nf4
exf4+ 53. Ke2 a3 54. Kf3 Rd4 55. Ke2 a2 56. Kf2 a1=Q 57. Ke2 Qc3 58. Kf1 Rd2
0-1

[Event "Copenhagen Chess Challenge 2011"]
[Site "Ballerup"]
[Date "2011.05.22"]
[Round "9"]
[White "Hagen, Andreas Skytte"]
[Black "Hector, Jonny"]
[Result "1-0"]
[WhiteElo "2346"]
[BlackElo "2585"]
[PlyCount "71"]
[EventDate "2011.??.??"]
[EventType "swiss"]
[EventRounds "9"]
[EventCountry "DEN"]

1. c4 e5 2. g3 Nf6 3. Bg2 Nc6 4. Nc3 Bc5 5. Nf3 O-O 6. d3 h6 7. O-O Re8 8. a3
a6 9. b4 Bf8 10. e4 b5 11. Bb2 Rb8 12. cxb5 axb5 13. Rc1 g6 14. Qb3 Bg7 15.
Rfd1 Rb6 16. Nd5 Nxd5 17. exd5 Nd4 18. Nxd4 exd4 19. Qc2 c6 20. d6 Re6 21. Qc5
Ra6 22. Re1 Qg5 23. Bh3 Qxc5 24. bxc5 f5 25. g4 fxg4 26. Bxg4 Rxe1+ 27. Rxe1
Kf8 28. Re7 Ra7 29. Be6 Bh8 30. Bc1 g5 31. Rf7+ Ke8 32. Rh7 Be5 33. Bb3 b4 34.
a4 Bf6 35. Rxh6 Bg7 36. Rg6 1-0

[Event "Copenhagen Chess Challenge 2011"]
[Site "Ballerup"]
[Date "2011.05.22"]
[Round "9"]
[White "Danielsen, Henrik"]
[Black "Brynell, Stellan"]
[Result "1/2-1/2"]
[WhiteElo "2545"]
[BlackElo "2486"]
[PlyCount "65"]
[EventDate "2011.??.??"]
[EventType "swiss"]
[EventRounds "9"]
[EventCountry "DEN"]

1. e4 e6 2. d3 d5 3. Nd2 Nf6 4. Ngf3 b6 5. c3 c5 6. Be2 Qc7 7. O-O Bd6 8. Re1
O-O 9. Bf1 Nc6 10. g3 Rd8 11. a4 h6 12. Qe2 Bf8 13. h4 g6 14. Nh2 dxe4 15. Nxe4
Nxe4 16. dxe4 Bg7 17. Be3 Bb7 18. Rad1 Rxd1 19. Rxd1 Rd8 20. Rd2 h5 21. Nf3 Ne5
22. Rxd8+ Qxd8 23. Nd2 Qd7 24. a5 Qa4 25. axb6 axb6 26. Bf4 Bc6 27. Bxe5 Bxe5
28. Qa6 Qxa6 29. Bxa6 b5 30. Nb3 b4 31. Nxc5 bxc3 32. bxc3 Bxc3 33. Bd3 1/2-1/2

[Event "Copenhagen Chess Challenge 2011"]
[Site "Ballerup"]
[Date "2011.05.22"]
[Round "9"]
[White "Tikkanen, Hans"]
[Black "Thorhallsson, Throstur"]
[Result "1-0"]
[WhiteElo "2560"]
[BlackElo "2392"]
[PlyCount "106"]
[EventDate "2011.??.??"]
[EventType "swiss"]
[EventRounds "9"]
[EventCountry "DEN"]

1. c4 c5 2. g3 Nc6 3. Bg2 g6 4. Nc3 Bg7 5. h4 Nf6 6. d3 d6 7. e4 e5 8. Be3 O-O
9. Bh3 Bxh3 10. Nxh3 Qd7 11. f3 Nd4 12. g4 b5 13. Bxd4 exd4 14. Nxb5 d5 15. Nf2
dxc4 16. dxc4 Rab8 17. Qe2 a6 18. Na3 Qc7 19. Nd3 h5 20. g5 Qg3+ 21. Kd2 Nd7
22. f4 Rxb2+ 23. Nc2 Qe3+ 24. Qxe3 dxe3+ 25. Kc1 Rxc2+ 26. Kxc2 Bxa1 27. Rxa1
Nb6 28. Ne5 e2 29. Kd2 Rd8+ 30. Kxe2 Na4 31. Ke3 Nc3 32. a3 Rd4 33. Rc1 Nd1+
34. Kf3 Nb2 35. Ke3 Nd1+ 36. Ke2 Nb2 37. Rc2 Na4 38. Kf3 Nb6 39. f5 gxf5 40.
exf5 Nd7 41. Nxd7 Rxd7 42. Re2 Rd4 43. Re4 Rd3+ 44. Kf4 Kf8 45. f6 Rxa3 46. Re5
Rh3 47. Rxc5 Rxh4+ 48. Kf5 Ke8 49. Rc8+ Kd7 50. Rf8 Rxc4 51. Rxf7+ Ke8 52. Ra7
h4 53. Ra8+ Kd7 1-0

[Event "Copenhagen Chess Challenge 2011"]
[Site "Ballerup"]
[Date "2011.05.22"]
[Round "9"]
[White "Fries Nielsen, Jens Ove"]
[Black "Haub, Thorsten Michael"]
[Result "1/2-1/2"]
[WhiteElo "2386"]
[BlackElo "2459"]
[PlyCount "125"]
[EventDate "2011.??.??"]
[EventType "swiss"]
[EventRounds "9"]
[EventCountry "DEN"]

1. e4 g6 2. d4 Bg7 3. Nc3 d6 4. a4 a6 5. a5 Nf6 6. Nf3 O-O 7. Be2 Bg4 8. O-O
Nbd7 9. Be3 e5 10. dxe5 Bxf3 11. Bxf3 Nxe5 12. Be2 Re8 13. f4 Nc6 14. Bf3 Nd7
15. Bf2 Nf8 16. Nd5 Ne6 17. c3 g5 18. g3 Ne7 19. f5 Nc5 20. f6 Nxd5 21. fxg7
Nf6 22. e5 Rxe5 23. Bd4 Re6 24. Bxf6 Rxf6 25. b4 Nd7 26. Bxb7 Ra7 27. Bd5 c5
28. Qh5 Ne5 29. Rxf6 Qxf6 30. Rf1 Qxg7 31. bxc5 dxc5 32. Rf5 h6 33. Qe2 Ng6 34.
Qc4 Qf8 35. Rf6 Kg7 36. Rxa6 Ne5 37. Qe2 Rxa6 38. Qxa6 Qd8 39. c4 Qe7 40. Qb7
Qf6 41. a6 g4 42. Kg2 Nd7 43. a7 Qe5 44. Qb1 Nb6 45. a8=Q Nxa8 46. Bxa8 Qe2+
47. Kg1 Qxc4 48. Be4 Qd4+ 49. Kf1 c4 50. Qc2 h5 51. Qe2 Qa1+ 52. Kg2 Qd4 53.
Bc2 Qc3 54. Kf1 Qf6+ 55. Ke1 Qa1+ 56. Kf2 Qf6+ 57. Kg2 Qd4 58. Bb1 Qd5+ 59. Be4
Qd4 60. Bc2 Qd5+ 61. Be4 Qd4 62. Bc2 Qd5+ 63. Be4 1/2-1/2

[Event "Copenhagen Chess Challenge 2011"]
[Site "Ballerup"]
[Date "2011.05.22"]
[Round "9"]
[White "Mikkelsen, Nikolaj"]
[Black "Westerinen, Heikki"]
[Result "0-1"]
[WhiteElo "2401"]
[BlackElo "2350"]
[PlyCount "112"]
[EventDate "2011.??.??"]
[EventType "swiss"]
[EventRounds "9"]
[EventCountry "DEN"]

1. e4 e6 2. d4 d5 3. Nc3 Bb4 4. e5 c5 5. a3 Bxc3+ 6. bxc3 Nc6 7. Nf3 Qa5 8. Bd2
Qa4 9. Qb1 a6 10. Qb6 c4 11. Qb2 f6 12. g3 Nge7 13. Bg2 O-O 14. O-O Ng6 15.
Rfe1 b5 16. h4 fxe5 17. Nxe5 Ngxe5 18. dxe5 Bd7 19. Bh3 Qa5 20. Re2 Qd8 21. f4
Qe7 22. h5 a5 23. Rf1 Rab8 24. Kg2 b4 25. cxb4 axb4 26. Bxb4 Nxb4 27. axb4 c3
28. Qxc3 Bb5 29. Qd2 Bxe2 30. Qxe2 Rxb4 31. Qd3 Rc4 32. Rf2 Kh8 33. f5 Qg5 34.
fxe6 Rxf2+ 35. Kxf2 Qxe5 36. Bg2 Rc3 37. Qxd5 Rxc2+ 38. Kg1 Qxd5 39. Bxd5 Rc7
40. Kf2 Re7 41. Kf3 Kg8 42. Kf4 Kf8 43. Ke5 Re8 44. Be4 h6 45. Bc6 Rd8 46. Bd7
Ke7 47. Kf5 Ra8 48. Kg6 Kf8 49. g4 Ra5 50. e7+ Kxe7 51. Kxg7 Kxd7 52. Kxh6 Ke7
53. Kh7 Kf6 54. h6 Kg5 55. Kh8 Kxh6 56. g5+ Kg6 0-1

[Event "Copenhagen Chess Challenge 2011"]
[Site "Ballerup"]
[Date "2011.05.22"]
[Round "9"]
[White "Rostgaard, Tobias Valentin"]
[Black "Bulski, Krzysztof"]
[Result "0-1"]
[WhiteElo "2207"]
[BlackElo "2482"]
[PlyCount "116"]
[EventDate "2011.??.??"]
[EventType "swiss"]
[EventRounds "9"]
[EventCountry "DEN"]

1. Nf3 d5 2. g3 Nf6 3. Bg2 c6 4. O-O Bg4 5. d3 Nbd7 6. Nbd2 e6 7. c4 Bd6 8. b3
Qe7 9. Bb2 a5 10. a3 O-O 11. Qc2 Rfd8 12. e4 dxe4 13. dxe4 e5 14. Rfe1 Bc7 15.
h3 Bxf3 16. Nxf3 Bb6 17. Rad1 Bc5 18. Qc1 Ne8 19. Rd2 Nc7 20. Red1 f6 21. h4
Ne6 22. Bh3 Ndf8 23. Kg2 Rxd2 24. Rxd2 Rd8 25. Rxd8 Qxd8 26. Qd2 Qb6 27. Qc2
Be7 28. Kg1 Nc5 29. Nd2 Kf7 30. Bc3 Nce6 31. Qb2 Nc5 32. Qc2 Na6 33. Bb2 Nc7
34. Qd3 Nce6 35. Qc2 Ke8 36. Qd3 Bc5 37. Qe2 Ke7 38. Kg2 Qd8 39. Nf1 Qb6 40.
Nd2 Bd4 41. Bxd4 Qxd4 42. Qe3 Qb2 43. a4 Nd4 44. Bg4 Qc2 45. Nf3 c5 46. Nxd4
cxd4 47. Qe1 Qc3 48. Qb1 Nd7 49. Bxd7 Kxd7 50. Qd1 d3 51. Qg4+ Kd8 52. Qxg7 Qd4
53. Qxf6+ Kc7 54. Qe7+ Kb8 55. Qe8+ Ka7 56. Qb5 d2 57. c5 d1=Q 58. Qxa5+ Kb8
0-1

[Event "Copenhagen Chess Challenge 2011"]
[Site "Ballerup"]
[Date "2011.05.22"]
[Round "9"]
[White "Smith, Axel"]
[Black "Hansen, Lars"]
[Result "1-0"]
[WhiteElo "2450"]
[BlackElo "2246"]
[PlyCount "55"]
[EventDate "2011.??.??"]
[EventType "swiss"]
[EventRounds "9"]
[EventCountry "DEN"]

1. d4 g6 2. c4 Bg7 3. e4 c5 4. Nf3 cxd4 5. Nxd4 Nc6 6. Be3 Nf6 7. Nc3 Ng4 8.
Qxg4 Nxd4 9. Qd1 Ne6 10. Rc1 Qa5 11. Be2 b6 12. O-O Bb7 13. f3 d6 14. Qd2 g5
15. Rfd1 Qe5 16. b4 h5 17. Nd5 Rc8 18. Bf1 Rf8 19. a4 Bc6 20. b5 Bb7 21. a5
bxa5 22. Qxa5 f5 23. Qxa7 Bxd5 24. exd5 Nc5 25. Re1 Qf6 26. Kh1 Kf7 27. Bxc5
dxc5 28. Re6 1-0

[Event "Copenhagen Chess Challenge 2011"]
[Site "Ballerup"]
[Date "2011.05.22"]
[Round "9"]
[White "Pedersen, Steffen"]
[Black "Sylvan, Jacob"]
[Result "1-0"]
[WhiteElo "2441"]
[BlackElo "2261"]
[PlyCount "89"]
[EventDate "2011.??.??"]
[EventType "swiss"]
[EventRounds "9"]
[EventCountry "DEN"]

1. d4 d5 2. c4 e6 3. Nc3 Nf6 4. Nf3 c6 5. e3 Nbd7 6. Qc2 Bd6 7. Bd3 O-O 8. O-O
dxc4 9. Bxc4 e5 10. Bb3 Qe7 11. h3 h6 12. Nh4 Qd8 13. Nf5 Bb8 14. dxe5 Nxe5 15.
Rd1 Bxf5 16. Qxf5 Qe7 17. f4 Ned7 18. e4 Nc5 19. e5 Nxb3 20. exf6 Qc5+ 21. Qxc5
Nxc5 22. Be3 Ne6 23. f5 Bf4 24. Bxa7 Rxa7 25. fxe6 fxe6 26. fxg7 Rf7 27. Re1
Re7 28. Re4 Bd2 29. Ne2 Bg5 30. Nd4 Ra4 31. Rae1 Bf6 32. Nxc6 bxc6 33. Rxa4
Bxb2 34. Rc4 c5 35. Kf1 Bd4 36. Ke2 e5 37. Kd3 Rxg7 38. Rc2 Kf7 39. Ke4 Ke6 40.
Rb1 Rc7 41. Rb6+ Kf7 42. Rxh6 Kg7 43. Re6 c4 44. Rxe5 Bxe5 45. Kxe5 1-0

[Event "Copenhagen Chess Challenge 2011"]
[Site "Ballerup"]
[Date "2011.05.22"]
[Round "9"]
[White "Johansson, Linus"]
[Black "Bromann, Thorbjorn"]
[Result "1/2-1/2"]
[WhiteElo "2131"]
[BlackElo "2405"]
[PlyCount "40"]
[EventDate "2011.??.??"]
[EventType "swiss"]
[EventRounds "9"]
[EventCountry "DEN"]

1. d4 d5 2. c4 Nc6 3. cxd5 Qxd5 4. e3 e5 5. Nc3 Bb4 6. Bd2 Bxc3 7. Bxc3 exd4 8.
Ne2 Nf6 9. Nxd4 O-O 10. Be2 Ne4 11. O-O Nxc3 12. bxc3 Ne5 13. Nf3 Qa5 14. Nxe5
Qxe5 15. Qd4 Qa5 16. Qb4 Qg5 17. f4 Qg6 18. Bf3 Qb6 19. Qd4 c5 20. Qe5 Qb5
1/2-1/2

[Event "Copenhagen Chess Challenge 2011"]
[Site "Ballerup"]
[Date "2011.05.22"]
[Round "9"]
[White "Lindgren, Philip"]
[Black "Andersen, Mads"]
[Result "1/2-1/2"]
[WhiteElo "2126"]
[BlackElo "2431"]
[PlyCount "242"]
[EventDate "2011.??.??"]
[EventType "swiss"]
[EventRounds "9"]
[EventCountry "DEN"]

1. c4 Nf6 2. Nc3 e5 3. g3 Bb4 4. Bg2 O-O 5. Nf3 Nc6 6. d3 e4 7. Nh4 exd3 8.
Qxd3 Ne5 9. Qd4 d6 10. b3 Nfg4 11. O-O Bc5 12. Qf4 Ng6 13. Qg5 Nxh4 14. Qxd8
Rxd8 15. gxh4 Bd4 16. Bd2 Re8 17. h3 Ne5 18. e3 Bb6 19. Kh2 c6 20. h5 h6 21.
Rad1 Nd7 22. Ne2 Bc7 23. Nf4 a5 24. Bc3 Kf8 25. Bf3 Ne5 26. Be2 Bf5 27. Rg1
Rad8 28. Rg3 f6 29. Rdg1 Rd7 30. Bg4 Nxg4+ 31. hxg4 Be4 32. Rd1 d5 33. cxd5
Bxd5 34. Rd2 Re4 35. Rd4 Kf7 36. Rxe4 Bxe4 37. Rg1 Bf3 38. Kg3 Rd1 39. Rxd1
Bxd1 40. f3 Bc2 41. Kf2 b5 42. b4 axb4 43. Bxb4 Bb6 44. a3 f5 45. gxf5 Bxf5 46.
Bc3 Bc5 47. Bb2 Bb1 48. Ke2 Bd6 49. Nd3 c5 50. Ne5+ Ke6 51. Ng4 Bf8 52. e4 Ba2
53. Ne3 Kf7 54. f4 Bb1 55. Kf3 Bd3 56. f5 c4 57. e5 c3 58. Bxc3 Bxa3 59. e6+
Kf8 60. Bd4 Bd6 61. Nd5 b4 62. e7+ Kf7 63. Bxg7 b3 64. Bb2 Bxf5 65. Ke3 Be6 66.
Nf4 Bxe7 67. Nxe6 Kxe6 68. Kd3 Bf6 69. Kc4 Bxb2 70. Kxb3 Bd4 71. Kc4 Ba7 72.
Kd3 Kf5 73. Ke2 Kg4 74. Kf1 Kh3 75. Ke2 Kg2 76. Ke1 Bb6 77. Ke2 Bf2 78. Kd2 Kf3
79. Kd1 Ke3 80. Kc2 Be1 81. Kd1 Bd2 82. Kc2 Ke2 83. Kb2 Kd3 84. Kb1 Kc3 85. Ka1
Kc2 86. Ka2 Bc3 87. Ka3 Bb2+ 88. Ka2 Bh8 89. Ka3 Kb1 90. Kb3 Bb2 91. Kc4 Kc2
92. Kb4 Bc1 93. Ka4 Kc3 94. Kb5 Ba3 95. Ka4 Bb4 96. Kb5 Kb3 97. Kb6 Kc4 98. Ka6
Kc5 99. Ka7 Kb5 100. Kb7 Ba5 101. Ka7 Bd8 102. Kb7 Bb6 103. Ka8 Kc6 104. Kb8
Kd7 105. Kb7 Bg1 106. Ka6 Ke6 107. Kb5 Kf5 108. Kc4 Kg4 109. Kd3 Kf3 110. Kd2
Bb6 111. Kd1 Ba5 112. Kc2 Bb6 113. Kd1 Kg4 114. Ke2 Kxh5 115. Kf3 Kh4 116. Kg2
Bc7 117. Kh1 Kh3 118. Kg1 Bh2+ 119. Kh1 Bf4 120. Kg1 Be3+ 121. Kh1 h5 1/2-1/2

[Event "Copenhagen Chess Challenge 2011"]
[Site "Ballerup"]
[Date "2011.05.22"]
[Round "9"]
[White "Pedersen, Sven"]
[Black "Rewitz, Poul"]
[Result "0-1"]
[WhiteElo "2125"]
[BlackElo "2289"]
[PlyCount "82"]
[EventDate "2011.??.??"]
[EventType "swiss"]
[EventRounds "9"]
[EventCountry "DEN"]

1. e4 c6 2. d4 d5 3. e5 Bf5 4. Nd2 e6 5. Nb3 Nd7 6. Be3 c5 7. Nxc5 Bxc5 8. dxc5
Nxe5 9. Bd4 f6 10. Bxe5 fxe5 11. Nf3 e4 12. Nd4 Nf6 13. Be2 Qe7 14. g4 Bg6 15.
h4 O-O 16. h5 Bf7 17. Qd2 Qxc5 18. g5 Nd7 19. O-O-O e5 20. Nf5 Be6 21. b4 Qxf2
22. Rdf1 Rxf5 23. Rxf2 Rxf2 24. h6 Raf8 25. g6 hxg6 26. Qg5 R8f7 27. hxg7 Rxg7
28. Bb5 Rf5 29. Qh6 e3 30. Qh8+ Kf7 31. Rh7 Rxh7 32. Qxh7+ Kf6 33. Bxd7 Bxd7
34. Qxd7 Rf1+ 35. Kb2 e2 36. Qd6+ Kf5 37. Qd7+ Kf4 38. Qf7+ Ke3 39. Qxd5 e1=Q
40. Qxe5+ Kf3 41. Qf6+ Kg2 0-1

[Event "Copenhagen Chess Challenge 2011"]
[Site "Ballerup"]
[Date "2011.05.22"]
[Round "9"]
[White "Hove, Esben Kjems"]
[Black "Molvig, Henrik"]
[Result "1-0"]
[WhiteElo "2276"]
[BlackElo "2180"]
[PlyCount "69"]
[EventDate "2011.??.??"]
[EventType "swiss"]
[EventRounds "9"]
[EventCountry "DEN"]

1. d4 Nf6 2. Nf3 g6 3. Bg5 Bg7 4. Nbd2 h6 5. Bh4 d5 6. e3 c6 7. c4 Qb6 8. Qb3
Qxb3 9. Nxb3 e6 10. Bd3 Nbd7 11. O-O O-O 12. Bg3 Re8 13. h3 Ne4 14. Bxe4 dxe4
15. Ne5 Nf8 16. c5 f5 17. Na5 Bxe5 18. Bxe5 Nd7 19. Rfd1 Kf7 20. b4 Nf6 21. Nc4
Rg8 22. Bxf6 Kxf6 23. Ne5 Rd8 24. a4 Bd7 25. f3 exf3 26. gxf3 Be8 27. Kf2 g5
28. h4 gxh4 29. Rh1 f4 30. Rxh4 fxe3+ 31. Kxe3 h5 32. Rg1 Ke7 33. Rf4 Rd5 34.
Rg7+ Kd8 35. Rf8 1-0